| 000 | 00737nam a22002057a 4500 | ||
|---|---|---|---|
| 008 | 110906s2010 enk|||||s|||| 00| 0 eng d | ||
| 020 | _a023003313X | ||
| 020 | _a9780230033139 | ||
| 082 |
_222 _a428.24 _bCLA |
||
| 100 | 1 |
_aClandfield, Lindsay _927030 |
|
| 245 |
_aGlobal : _bPre-Intermediate. Class CDs / _cLindsay Clanfield & Rebecca Robb Benne |
||
| 260 |
_aOxford : _bMacmillan Education, 2011. _c2011 |
||
| 300 |
_a2 sound discs : _bdigital, stereo. ; _c4 3/4 in. |
||
| 653 |
_bENG _cSeptember2011 |
||
| 650 |
_913799 _aEnglish language _vTextbooks for foreign speakers. |
||
| 650 |
_910318 _aEnglish language _xStudy and teaching |
||
| 700 | 1 |
_aBenne, Rebecca Robb _927029 |
|
| 700 | 1 |
_aJeffries, Amanda _927031 |
|
| 942 |
_2ddc _cCDR |
||
| 999 |
_c16082 _d16082 |
||